| 000 | 00677nam a2200169Ia 4500 | ||
|---|---|---|---|
| 003 | GCL | ||
| 005 | 20240530104533.0 | ||
| 008 | 140319s9999 xx 000 0 ara d | ||
| 040 |
_aGCL / _cGCL |
||
| 082 | 0 | 4 |
_a235.5 _bس س |
| 100 | 1 | _aالسيوطى : جلال الدين ابوالفضل عبدالرحمن بن ابى بكر بن محمد الخضيرى | |
| 245 | 1 | 0 |
_aسنن النسائى / _cالسيوطى : جلال الدين ابوالفضل عبدالرحمن بن ابى بكر بن محمد الخضيرى |
| 260 |
_a[S.N] : _bدار الكتب العلمية للنشر والتوزيع |
||
| 650 | 0 | 4 | _aالحديث |
| 650 | 0 | 4 | _aالسنن |
| 942 |
_2ddc _cBK |
||
| 999 |
_c48440 _d48440 |
||